Fearless (Taylor's Version) - Statistics

General Stats
  • This quiz has been taken 662 times
    661 since last reset
  • The average score is 17 of 26
Answer Stats
Answer % Correct
fearless
100%
love story
91%
you belong with me
91%
white horse
86%
fifteen
84%
mr perfectly fine
81%
hey stephen
77%
the way i loved you
70%
forever & always
66%
bye bye baby
64%
change
64%
breathe
63%
the other side of the door
62%
youre not sorry
56%
jump then fall
55%
the best day
55%
untouchable
55%
you all over me
54%
dont you
53%
superstar
53%
come in with the rain
52%
tell me why
52%
thats when
51%
today was a fairytale
51%
we were happy
44%
forever & always (piano version)
28%
No matching quizzes found
Score Distribution
Percent of People with Each Score
Percentile by Number Answered
Your Score History
You have not taken this quiz since the last reset